01717nam a2200313 a 4500001001000000005001700010008004100027041000800068044000800076084002000084100004500104245016700149260003000316300004300346500015500389500014100544500023300685500005900918500006600977500001001043546002401053650005201077650005601129650003401185650004501219700003901264700005001303740005001353BRCA_319720190320204146.0180209s1731----enka---###---#000-0#eng-u aeng aenk a498b.W36c17311 aCervantes Saavedra, Miguel ded1547-161610aThe History of the Valorous and Witty Knight-Errant Don Quixote of the ManchacWritten in Spanish by Michel Cervantes ; Translated into English by Thomas Shelton. aLondresbJ. Walthoec1731 a4 v.bil.c17 cm.eláminas plegables aContenido : v 1. Primera parte. Prólogo de Cervantes. Algunos versos preliminares. Texto. -- v 2. Texto. -- v 3. Segunda parte. Texto. -- v 4. Texto aEdición : Now Printed Verbatim from the Fourth Edition of 1620 With a Curious Sett of New Cuts, from the French of Coypel in 4 Volumes aSigue esta edición a la primera de Shelton, de la cual se diferencia por la distribución de tomos y tamaño. Va adornada con varias láminas de Coypel nuevamente grabadas. Piel; lomos decorados con dorados Lúdovik Osterc aEstado físico : Cubierta desprendida en el volumen 4 aIncluye índice : De los nombres y cosas notables de la obra aQM407 aTexto en : inglés14aNovela españolayÉpoca clásica, 1500-170014aLiteratura españolayÉpoca clásica, 1500-170014aNovela españolaySiglo XVII14aDon Quijote (Personaje ficticio)eNovela1 aShelton, Thomasd?-1626eTraductor1 aCoypel, Charles-Antoned1694-1752eIlustrador0 aEl Ingenioso Hidalgo Don Quijote de la Mancha